[Event "SVR-ch MT-A"]
[Site "Heimbach Weis"]
[Date "2017.04.08"]
[Round "2"]
[White "Neisen, Frederick"]
[Black "Gebhardt, Max"]
[Result "1/2-1/2"]
[WhiteElo "1991"]
[BlackElo "2088"]
[PlyCount "47"]
[EventDate "2017.04.07"]
[EventType "tourn"]
[EventRounds "9"]
[EventCountry "GER"]
[SourceTitle "EXT 2020"]
[Source "ChessBase"]
[SourceDate "2019.10.17"]
[SourceVersion "1"]
[SourceVersionDate "2019.10.17"]
[SourceQuality "1"]

1. Nf3 d5 2. c4 c6 3. d4 Nf6 4. e3 e6 5. Bd3 Nbd7 6. b3 b6 7. 0-0 Be7 8. Bb2 Bb7 9. Nbd2 0-0 10. Qe2 Qc7 11. Rac1 Rac8 12. Ne5 Rfd8 13. cxd5 exd5 14. Bf5 Ra8 15. Qf3 Bd6 16. Qg3 Nf8 17. Qh3 c5 18. f4 Bc8 19. Kh1 Bxf5 20. Qxf5 Rac8 21. e4 Qb7 22. Nxf7 Qxf7 23. e5 Ne4 24. Qxf7+ 1/2-1/2